Statistics for Words by International Phonetic Alphabet

Click here to take the quiz!

General Stats

  • This quiz has been taken 979 times
  • The average score is 12 of 50

Answer Stats

IPAWord% Correct
/rat/rat
99%
/kʌp/cup
89%
/dɒt/dot
89%
/hʌɪk/hike
69%
/əˈraʊnd/around
45%
/kreɪz/craze
35%
/məˈdʒɛntə/magenta
33%
/ˈbɒnɪt/bonnet
28%
/pɔːt/port
27%
/ˈtʃɛləʊ/cello
26%
/ˈkɒləm/column
26%
/ˈkreɪd(ə)l/cradle
26%
/ˈfʌŋ(k)ʃ(ə)n/function
26%
/ˈɡrɑːshɒpə/grasshopper
23%
/ˈmɪs(ə)ltəʊ/mistletoe
23%
/ˈɛksədəs/exodus
22%
/freɪt/freight
22%
/pləˈsiːbəʊ/placebo
22%
/ˈkɔːrəs/chorus
21%
/fɪˈziːk/physique
21%
/flɛm/phlegm
20%
/ˈmɪnəskjuːl/miniscule
19%
/ˈθɪs(ə)l/thistle
19%
/trɒf/trough
19%
/jʊˈriːθrə/urethra
19%
/ʃəˈrɑːd/charade
18%
/ˈsəːk(ə)l/circle
17%
/ˈkaʊə/cower
17%
/ˌkwɪntɪˈsɛnʃ(ə)l/quintessential
17%
/ˌanθrəpəˈdʒɛnɪk/anthropogenic
16%
/ɪˈsɒfəɡəs/oesophagus
16%
/ˈdʒəːni/journey
15%
/mɛː/mare
15%
/kəˈpriːs/caprice
14%
/lɛfˈtɛnənt/lieutenant
14%
/ɒnˈwiː/ennui
13%
/ˈhɑːlɪkwɪn/harlequin
13%
/ˈɒbfʌskeɪt/obfuscate
13%
/ˈkrwasɒ̃/croissant
12%
/əˈdʒəːn/adjourn
11%
/sɒmˈnambjʊlɪz(ə)m/somnambulism
11%
/ˈnʌɪthʊd/knighthood
10%
/ˌɒbsəˈlɛs(ə)ns/obsolescence
10%
/ˈʃɑːd(ə)nˌfrɔɪdə/schadenfreude
9%
/ˌdɛbəˈnɛː/debonair
8%
/pəˈrambjʊleɪtə/perambulator
8%
/rɪˈkɒnɪs(ə)ns/reconnaissance
8%
/ˈbʌdʒ(ə)rɪɡɑː/budgerigar
7%
/ðɛns/thence
7%
/rɪˈvali/reveille
3%

Score Distribution

Percentile by Number Answered

Percent of People with Each Score

Your Score History

You have not taken this quiz